| 000 | 00542nam a2200217Ia 4500 | ||
|---|---|---|---|
| 008 | 210210b2008 xxu||||| |||| 00| 0 eng d | ||
| 041 | _aeng | ||
| 082 | _a153.93 COMG | ||
| 100 | _aCOMPETITION SUCCESS REVIEW | ||
| 245 |
_aGeneral intelligence _bFor all competitive exams |
||
| 260 |
_aNew Delhi _bCompetition Review Pvt. Ltd. _c2008 |
||
| 300 | _a144 | ||
| 650 | _aintelligence | ||
| 650 | _aGeneral | ||
| 650 | _aFor | ||
| 650 | _aexams | ||
| 650 | _acompetitive | ||
| 650 | _aall | ||
| 690 | _aIntelligence | ||
| 906 | _aSG05048 | ||
| 999 |
_c133531 _d133531 |
||